Managerial statistics / (Record no. 56369)
[ view plain ]
| 000 -LEADER | |
|---|---|
| fixed length control field | 00694nam a2200229 a 4500 |
| 001 - CONTROL NUMBER | |
| control field | 56369 |
| 003 - CONTROL NUMBER IDENTIFIER | |
| rucl marc code | BD-RjUL |
| 005 - DATE AND TIME OF LATEST TRANSACTION | |
| control field | 20211209080404.0 |
| 008 - FIXED-LENGTH DATA ELEMENTS--GENERAL INFORMATION | |
| fixed length control field | 161129s1961 xx 000 0 eng |
| 035 ## - SYSTEM CONTROL NUMBER | |
| System control number | (BD-RjUL)56493 |
| 040 ## - CATALOGING SOURCE | |
| Original cataloging agency | DLC |
| Transcribing agency | TxU-Da |
| Modifying agency | Uk |
| -- | BD-RjUL |
| Language of cataloging | eng |
| 041 ## - LANGUAGE CODE | |
| Language code of text/sound track or separate title | eng |
| 082 ## - DEWEY DECIMAL CLASSIFICATION NUMBER | |
| Edition number | 23 |
| Classification number | 519.5 |
| Author mark and year | HAM 1961 |
| 100 1# - MAIN ENTRY--PERSONAL NAME | |
| Personal name | Hanson, Kermit O. |
| 9 (RLIN) | 167700 |
| 245 10 - TITLE STATEMENT | |
| Title | Managerial statistics / |
| Statement of responsibility, etc. | [by] Kermit O. Hanson [and] George J. Brabb. |
| 250 ## - EDITION STATEMENT | |
| Edition statement | 2nd ed. |
| 260 ## - PUBLICATION, DISTRIBUTION, ETC. (IMPRINT) | |
| Place of publication, distribution, etc. | Englewood Cliffs N.J., |
| Name of publisher, distributor, etc. | Prentice-Hall, |
| Date of publication, distribution, etc. | 1961, [printing 1964] |
| 300 ## - PHYSICAL DESCRIPTION | |
| Pagination | 342 p. : |
| Illustrations | illus. ; |
| Size | 24 cm. |
| 650 #0 - SUBJECT ADDED ENTRY--TOPICAL TERM | |
| Topical term or geographic name as entry element | Statistics. |
| 9 (RLIN) | 167701 |
| 700 1# - ADDED ENTRY--PERSONAL NAME | |
| Personal name | Brabb, George Jacob, |
| Dates associated with a name | 1925- |
| 942 ## - ADDED ENTRY ELEMENTS (KOHA) | |
| Source of classification or shelving scheme | Dewey Decimal Classification |
| Koha item type | Books |
| Lost status | Source of classification or shelving scheme | Damaged status | Not for loan | Collection code | Permanent Location | Current Location | Shelving location | Date acquired | Source of acquisition | Cost, normal purchase price | Total Checkouts | Full call number | Date last seen | Copy number | Koha item type |
|---|---|---|---|---|---|---|---|---|---|---|---|---|---|---|---|
| Dewey Decimal Classification | Non-fiction | Central Library, University of Rajshahi | Central Library, University of Rajshahi | 26/03/1963 | Zeitlinger | 0.00 | 519.5 HAM 1961 | 29/11/2016 | C-2 | Books | |||||
| Dewey Decimal Classification | Non-fiction | Central Library, University of Rajshahi | Central Library, University of Rajshahi | 26/03/1963 | Zeitlinger | 0.00 | 519.5 HAM 1961 | 29/11/2016 | C-3 | Books | |||||
| Dewey Decimal Classification | Non-fiction | Central Library, University of Rajshahi | Central Library, University of Rajshahi | Reading Room | 31/01/1963 | Zeetlinger | 49.00 | 519.5 HAM 1961 | 26/12/2016 | C-1 | Books | ||||
| Dewey Decimal Classification | Non-fiction | Central Library, University of Rajshahi | Central Library, University of Rajshahi | 29/10/1965 | Zeitlinger | 68.00 | 519.5 HAM 1961 | 21/04/2019 | C-4 | Books | |||||
| Dewey Decimal Classification | Non-fiction | Central Library, University of Rajshahi | Central Library, University of Rajshahi | 31/01/1963 | zeitlinger | 49.00 | 519.5 HAM 1961 | 21/04/2019 | C-5 | Books | |||||
| Dewey Decimal Classification | Non-fiction | Central Library, University of Rajshahi | Central Library, University of Rajshahi | 29/10/1965 | Zeitlinger | 68.00 | 519.5 HAM 1964 | 28/05/2019 | C-6 | Books |